000 00388nam a2200145Ia 4500
008 230917s9999||||xx |||||||||||||| ||und||
040 _e127285
_aMAIN
041 _aEnglish
082 _a657.48 N164F
100 _aNarayanaswamy, R
245 0 _aFinancial accounting: a managerial perspective
260 _aNew Delhi
_bPrentice Hall of India
_c2006
300 _a663p. p.
942 _cBK
999 _c136717
_d136717